Los valores históricos en la dictadura española / (Record no. 118301)

MARC details
000 -LEADER
campo de control de longitud fija 00717nam a2200205 i 4500
001 - NÚMERO DE CONTROL
campo de control 118301
003 - IDENTIFICADOR DE NÚMERO DE CONTROL
campo de control ES-MaACL
005 - FECHA Y HORA DE LA ÚLTIMA TRANSACCIÓN
campo de control 20230906191053.0
007 - CAMPO FIJO DE DESCRIPCIÓN FÍSICA--INFORMACIÓN GENERAL
campo de control de longitud fija t|
008 - DATOS DE LONGITUD FIJA--INFORMACIÓN GENERAL
campo de control de longitud fija 070214s1928 sp r ||||1| spa d
080 ## - NÚMERO DE LA CLASIFICACIÓN DECIMAL UNIVERSAL
Número de la Clasificación Decimal Universal 946.0"1923/30"
100 1# - ENTRADA PRINCIPAL--NOMBRE DE PERSONA
Nombre de persona Pemartín, José.
9 (RLIN) 90131
245 14 - MENCIÓN DEL TÍTULO
Título Los valores históricos en la dictadura española /
Mención de responsabilidad, etc. José Pemartín ; prólogo del general Primo de Rivera.
260 ## - PUBLICACIÓN, DISTRIBUCIÓN, ETC.
Lugar de publicación, distribución, etc. Madrid :
Nombre del editor, distribuidor, etc. Editorial de Arte y Ciencia,
Fecha de publicación, distribución, etc. 1928.
300 ## - DESCRIPCIÓN FÍSICA
Extensión 656 p., [7] h. pleg. de lám. :
Otras características físicas il. ;
Dimensiones 21 cm.
651 #4 - PUNTO DE ACCESO ADICIONAL DE MATERIA--NOMBRE GEOGRÁFICO
Nombre geográfico España-
Subdivisión general Historia-
Subdivisión cronológica 1923-1930, Dictadura.
9 (RLIN) 8281
700 1# - ENTRADA AGREGADA--NOMBRE PERSONAL
Nombre de persona Primo de Rivera, Miguel,
Fechas asociadas al nombre 1870-1930
9 (RLIN) 154406
852 ## - LOCALIZACIÓN
Ubicación ES-MaACL
Número de control de estantería G-14142
Holdings
Estatus retirado Estado de pérdida Estado de daño No para préstamo Biblioteca de origen Biblioteca actual Ubicación en estantería Fecha de adquisición Fuente de adquisición Total de préstamos Signatura topográfica completa Código de barras Visto por última vez Precio de reemplazo Tipo de ítem Koha
        Biblioteca del Ateneo de Madrid Biblioteca del Ateneo de Madrid Sala Pecera Planta 3 17/01/2008     G-14142 1123330 23/02/2023 23/02/2023 Libro impreso